Medzinárodná investičná banka Inštitúcia investičného úverovania

Medzinárodná investičná banka v Moskve bola založená v júli 1970. Praktickú činnosť vykonáva od 1.1.1971. Vznikla na základe dohody 10 štátov bývalej RVHP. V súčasnosti združuje: Bulharsko, Maďarsko, Vietnam, Kubu, Mongolsko, Poľsko, Ruskú federáciu, Rumunsko, SR a ČR. Poskytuje úvery na výstavbu, m...

ver descrição completa

Na minha lista:
Detalhes bibliográficos
Autor principal: Brunovský, J.
Formato: Capítulo de Livro
Idioma:eslovaco
Assuntos:
Tags: Adicionar Tag
Sem tags, seja o primeiro a adicionar uma tag!

MARC

LEADER 00000naa a2200000 4500
001 r019144
005 20221213095359.6
041 0 |a slo 
044 |a SK 
245 1 0 |a Medzinárodná investičná banka  |b Inštitúcia investičného úverovania  |c J. Brunovský 
520 |a Medzinárodná investičná banka v Moskve bola založená v júli 1970. Praktickú činnosť vykonáva od 1.1.1971. Vznikla na základe dohody 10 štátov bývalej RVHP. V súčasnosti združuje: Bulharsko, Maďarsko, Vietnam, Kubu, Mongolsko, Poľsko, Ruskú federáciu, Rumunsko, SR a ČR. Poskytuje úvery na výstavbu, modernizáciu, rekonštrukciu objektov, zavádzanie nových technologických projektov atď. 
610 2 0 |a banky medzinárodné 
610 2 0 |a banky investičné 
610 2 0 |a Medzinárodná investičná banka Moskva 
610 2 0 |a 1970 
610 2 0 |a Rusko 
610 2 0 |a úver investičný 
100 1 |a Brunovský, J.